Estatísticas para Maiores compras do Clube Atlético Mineiro

Clique aqui para jogar o quiz

Estatísticas Gerais

  • Esse quiz foi jogado 24 vezes
    (8 desde o último reset)
  • A pontuação média é 15 de 21

Estatísticas das Respostas

ValorClubeTemporadaJogador% Correto
3,5 MLiverpool19/20Allan
100%
5,25 MAl-Gharafa SC12/13Diego Tardelli
100%
5 MNottingham Forest23/24Gustavo Scarpa
100%
4,9 MRiver Plate20/21Nacho
100%
5 MRacing20/21Zaracho
100%
3 MBotafogo18/19Igor Rabello
86%
2,65 MPeñarol19/20Lucas Hernández
86%
4 MVélez Sarsfield14/15Lucas Pratto
86%
3 MChelsea20/21Nathan
86%
3,45 MVasco da Gama19/20Marrony
71%
3 MGrêmio12/13Victor
71%
5,15 MJunior FC18/19Yimmi Chará
71%
5,8 MDínamo Kiev12/13André / André Bebezão
57%
3 MAmérica-MG99/00Gilberto Silva
57%
6 MDínamo Kiev10/11Guilherme
57%
3 MLOSC Lile20/21Junior Alonso
57%
3 MWolfsburg10/11Réver
57%
3 MFigueirense15/16Clayton
43%
3 MUdinese Calcio15/16Douglas Santos
29%
3 MUdinese Calcio14/15Maicossuel
29%
3 MDesp. Brasil10/11Diego Souza
14%

Distribuição das Pontuações

Percentil de Números Respondidos

Porcentagem de Pessoas com Cada Pontuação

Sua Pontuação Histórica

Você não jogou esse quiz desde o último reset